Statistics for Guess the Famous People from their Eyes

Click here to take the quiz!

General Stats

  • This quiz has been taken 216 times
  • The average score is 8 of 16

Answer Stats

Answer% Correct
Barack Obama
94%
Michael Jackson
94%
Rihanna
74%
Emma Stone
64%
Bill Gates
62%
Marilyn Monroe
62%
Cristiano Ronaldo
57%
Clint Eastwood
54%
Jackie Chan
51%
50 Cent
46%
Shakira
45%
Queen Elizabeth II
43%
Michael Jordan
35%
Angelina Jolie
30%
P!nk
20%
Aishwarya Rai
3%

Score Distribution

Percentile by Number Answered

Percent of People with Each Score

Your Score History

You have not taken this quiz